|
|
|
|
| LEADER |
01835nam a22003975a 4500 |
| 001 |
44982 |
| 003 |
BD-DhAAL |
| 005 |
20251026141542.0 |
| 008 |
251023t2000 ii a b 001 0 eng |
| 010 |
|
|
|a 00711207
|
| 020 |
|
|
|a 0824704029
|
| 020 |
|
|
|a 9780824704025
|
| 035 |
|
|
|a 12233399
|
| 040 |
|
|
|a DLC
|c DLC
|d DLC
|d BD-DhAAL
|
| 050 |
0 |
0 |
|a TK153
|b .H47 2000
|
| 082 |
0 |
0 |
|a 621.31913
|2 21
|
| 245 |
0 |
0 |
|a High-voltage engineering :
|b theory and practice /
|c Mazen Abdel-Salam ... [et al.].
|
| 250 |
|
|
|a Second Edition;
|b Revised and Expanded.
|
| 260 |
|
|
|a New York ;
|a India :
|b Replika press,
|c c2000 [reprinted 2010].
|
| 300 |
|
|
|a x, 725 pages :
|b illustrations ;
|c 24 cm
|
| 490 |
1 |
|
|a Electrical engineering and electronics ;
|v 110
|
| 504 |
|
|
|a Includes bibliographical references and index.
|
| 526 |
|
|
|a EEE
|x Shahidul Islam Khan, PhD
Professor
Department of Electrical and Electronic Engineering
Course Name and No.: High Voltage Engineering ''(EEE431)''
|
| 541 |
|
|
|a Karim International
|e 44982
|
| 650 |
|
0 |
|a Electrical engineering.
|
| 650 |
|
0 |
|a High voltages.
|9 59717
|
| 650 |
|
0 |
|a Electric power distribution
|x High tension.
|9 59718
|
| 700 |
1 |
|
|a Abdel-Salam, Mazen.
|9 59719
|
| 700 |
1 |
|
|a Anis, Hussein.
|9 59720
|
| 700 |
1 |
|
|a El-Morshedy, Ahdab.
|9 59721
|
| 700 |
1 |
|
|a Radwan, Roshdy.
|9 59722
|
| 830 |
|
0 |
|a Electrical engineering and electronics ;
|v 110.
|9 59723
|
| 852 |
|
|
|a Ayesha Abed Library
|c General Stacks
|
| 942 |
|
|
|2 ddc
|c BK
|
| 999 |
|
|
|c 47556
|d 47556
|
| 952 |
|
|
|0 0
|1 0
|2 ddc
|4 0
|6 621_319130000000000_HIG
|7 0
|9 78393
|a BRACUL
|b BRACUL
|c NEW
|d 2025-10-21
|e Karim International
|g 2000.00
|l 0
|o 621.31913 HIG
|p 3010044982
|r 2025-10-21
|t 1
|v 4000.00
|w 2025-10-21
|y BK
|x Requisitioned by Dr. Shahidul Islam Khan (Professor Department of Electrical and Electronic Engineering) for the course named High Voltage Engineering ‘’(EEE431)’’
|